LEADER 00832nam0-22003011i-450- 001 990002042880403321 005 20060529100742.0 035 $a000204288 035 $aFED01000204288 035 $a(Aleph)000204288FED01 035 $a000204288 100 $a20030910d1966----km-y0itay50------ba 101 0 $afre 200 1 $aBryozoaires$eII. Chilostomes Anasca$fMarcel Prenant et Genevieve Bobin 210 $aParis$cPaul Lechevalier$d1966 215 $a646 p.$d25 cm 225 1 $aFaune de France$v68 610 0 $aFauna$aBryozoa 676 $a594.7 700 1$aPrenant,$bMarcel$086963 701 1$aBobin,$bGenevieve$086964 801 0$aIT$bUNINA$gRICA$2UNIMARC 901 $aBK 912 $a990002042880403321 952 $a61 V E.6/03.68$b2925$fDAGEN 959 $aDAGEN 996 $aBryozoaires$9406895 997 $aUNINA LEADER 02110nam 2200637 a 450 001 9910456345803321 005 20210107001129.0 010 $a1-280-92821-2 010 $a9786610928217 010 $a1-4166-0478-2 010 $a1-4166-0479-0 035 $a(CKB)111004365675774 035 $a(OCoLC)45728634 035 $a(CaPaEBR)ebrary10120216 035 $a(SSID)ssj0000213322 035 $a(PQKBManifestationID)11184864 035 $a(PQKBTitleCode)TC0000213322 035 $a(PQKBWorkID)10149632 035 $a(PQKB)11756269 035 $a(MiAaPQ)EBC280379 035 $a(EXLCZ)99111004365675774 100 $a20150424d1995|||| s|| | 101 0 $aeng 181 $ctxt$2rdacontent 182 $cc$2rdamedia 183 $acr$2rdacarrier 200 10$aObserving dimensions of learning in classrooms and schools /$fJohn L. Brown 210 $aAlexandria, Va. $cAssociation for Supervision and Curriculum Development$dİ1995 215 $a1 online resource (vi, 142 pages) $cillustrations 300 $aBibliographic Level Mode of Issuance: Monograph 311 $a0-87120-539-4 311 $a0-87120-255-7 606 $aEDUCATION$2bisac 606 $aEducational Psychology$2bisac 606 $aThought and thinking$xStudy and teaching 606 $aObservation (Educational method) 606 $aCognitive learning 606 $aEducation$2HILCC 606 $aSocial Sciences$2HILCC 606 $aTheory & Practice of Education$2HILCC 615 7$aEDUCATION 615 7$aEducational Psychology 615 0$aThought and thinking$xStudy and teaching. 615 0$aObservation (Educational method) 615 0$aCognitive learning. 615 7$aEducation 615 7$aSocial Sciences 615 7$aTheory & Practice of Education 676 $a370.15/2 700 $aBrown$b John L.$f1947-$0987956 712 02$aAssociation for Supervision and Curriculum Development. 801 0$bPQKB 906 $aBOOK 912 $a9910456345803321 996 $aObserving dimensions of learning in classrooms and schools$92295741 997 $aUNINA